000 01749nas a2200277Ia 4500
001 R235-R2388
003 IT-CnALBA
008 170116c99999999xx |||||||||||| ||und||
040 _aIT-CnALBA
_cIT-CnALBA
041 _aITALIANO
100 _aAMORTH D. GABRIELE, SSP.
210 _aMADRE DI DIO
222 _aMADRE DI DIO
245 0 _aMADRE DI DIO. N. X. ANNO LIV. OTTOBRE 1986. MENSILE MARIANO.
250 _a1a ed.
260 _aCINISELLO BALSAMO (MI)
_bEDIZIONI PAOLINE
_c1986
300 _a36 p.
310 _aMENSILE
362 _aFascicolo: 10 / Anno: 54 (1986)
500 _aCORRISPONDENZA. TUTTI IN PREGHIERA INSIEME PER LA PACE. MARIA MADRE DELLA CHIESA. PAOLO VI JEAN GUITTON E MARIA. MARIA EVANGELIZZATRICE DELLA COLOMBIA. MARIA DONNA. RUM ALBERTO. BASILIO MAGNO E SANTA MARIA. MARIA MODELLO EDUCATRICE. UGENTI A. DONADEO M.V. DEVOZIONE DI MARIA E PACE, TESTIMONIANZA DI LA PIRA G. RECITA DEL ROSARIO. NUOVA ESPERIENZA DI CHIESA, ESPANSIONE DELLA FAMIGLIA TRADIZIONALE. FERRARI G. APPARIZIONI IN ADRICA, INTERVISTA A PADRE MARTINO MUDENDELLI.
501 _aSocietà San Paolo EM - Piazza San Paolo, 14 - 12051 ALBA (CN) (non commercial uses only) ® Copyright 2017
520 _aCORRISPONDENZA. TUTTI IN PREGHIERA INSIEME PER LA PACE. MARIA MADRE DELLA CHIESA. PAOLO VI JEAN GUITTON E MARIA. MARIA EVANGELIZZATRICE DELLA COLOMBIA. MARIA DONNA. RUM ALBERTO. BASILIO MAGNO E SANTA MARIA. MARIA MODELLO EDUCATRICE. UGENTI A. DONADEO M.V. DEVOZIONE DI MARIA E PACE, TESTIMONIANZA DI LA PIRA G. RECITA DEL ROSARIO. NUOVA ESPERIENZA DI CHIESA, ESPANSIONE DELLA FAMIGLIA TRADIZIONALE. FERRARI G. APPARIZIONI IN ADRICA, INTERVISTA A PADRE MARTINO MUDENDELLI.
650 _aANGELI SANTI DEMONI
942 _cCR
957 _71
999 _a12366
_bNO
_g1
_c320463
_d320463